zpět

Detail výsledku týmu

R.A.M., Jablonec nad Nisou

Datum a čas kvízu

33 Celkem bodů Celkový počet nahraných bodů na tomto kvízu bez doplňovacích otázek.
13. Pořadí na kvízu Konečné umístění týmu na tomto kvízu.

Zaznamenané odpovědi

# Otázka Odpověď Body Výsledky
1. 8. listopadu zakázala Správa ž... zubačka 1
2. Co by chtěl podle svých slov z... národní menu 1
3. Jak se jmenuje tento americký... Patrick Dempsey 0
4. Ostravský rodák Karel Orlita,... exorcistů (vymítačů ďábla). 0
5. V sobotu se v newyorské Madiso... Alex Pereira, Jiří Procházka 0.5
6. Fiktivní věda může být ta, kte... warp 1
7. Od konce 19. století už je pře... éter 1
8. V sci-fi knižní sérii Nadace s... Isaac Asimov 0
9. V seriálu Simpsonovi, konkrétn... frenologie 1
10. Nemůžeme opomenout Járu Cimrma... dvoudílné plavky 1